Normal view
MARC view
Entry Topical Term
001 - CONTROL NUMBER
- control field: 4830
003 - CONTROL NUMBER IDENTIFIER
- control field: OSt
005 - DATE AND TIME OF LATEST TRANSACTION
- control field: 20150807172634.0
008 - FIXED-LENGTH DATA ELEMENTS
- fixed length control field: 150807|| aca||aabn | a|a d
040 ## - CATALOGING SOURCE
- Original cataloging agency: OSt
- Transcribing agency: OSt
150 ## - HEADING--TOPICAL TERM
- Topical term or geographic name entry element: बैंकिंग
670 ## - SOURCE DATA FOUND
- Source citation: Work cat.: (OSt): एस एन प्रसाद 4829, IBPS RRBs ग्रामीण बैंक ऑफिस असिस्टेंट CWE-IV प्रैक्टिस वर्क बुक, 2015









